000 00385nam a2200157Ia 4500
008 230711s9999||||xx |||||||||||||| ||und||
041 _aENG
082 _a720
_bCH-B
100 _aChing,Francis DK
245 0 _aBuilding construction illustrated
250 _a1st Ed.
260 _c1992
_aNew York
_bVan Nostrand Reinhold Co.
300 _a403
650 _aArchitecture
942 _cBK
999 _c2465
_d2465